Number of Chapters in Bible Books - Statistics

General Stats
  • This quiz has been taken 133 times
  • The average score is 43 of 66
Answer Stats
Book Number of Chapters % Correct
Genesis 50
94%
Exodus 40
86%
Psalms 150
83%
Ruth 4
78%
Esther 10
75%
Leviticus 27
75%
Isaiah 66
75%
Ecclesiastes 12
73%
Proverbs 31
73%
Jude 1
71%
Ezra 10
71%
Job 42
71%
Song of Songs 8
71%
Obadiah 1
70%
2 John 1
70%
3 John 1
70%
Nehemiah 13
70%
Judges 21
70%
Numbers 36
70%
James 5
70%
Philemon 1
68%
Daniel 12
68%
Joshua 24
68%
Titus 3
68%
1 John 5
68%
Revelation 22
67%
Matthew 28
67%
2 Peter 3
67%
Jonah 4
67%
1 Peter 5
67%
Mark 16
65%
Romans 16
65%
John 21
65%
Hebrews 13
63%
Luke 24
63%
Acts 28
63%
2 Timothy 4
63%
1 Timothy 6
63%
1 Corinthians 16
62%
Joel 3
62%
Deuteronomy 34
62%
Philippians 4
62%
Colossians 4
62%
Galatians 6
62%
Ephesians 6
62%
Micah 7
62%
Amos 9
62%
2 Corinthians 13
60%
2 Thessalonians 3
60%
1 Samuel 31
60%
Malachi 4
60%
Lamentations 5
60%
1 Thessalonians 5
60%
Hosea 14
59%
2 Samuel 24
59%
Nahum 3
59%
Haggai 2
57%
1 Kings 22
57%
2 Kings 25
57%
Habakkuk 3
57%
Zechariah 14
54%
Zephaniah 3
54%
Ezekiel 48
52%
Jeremiah 52
52%
1 Chronicles 29
51%
2 Chronicles 36
51%
No matching quizzes found
Score Distribution
Percent of People with Each Score
Percentile by Number Answered
Your Score History
You have not taken this quiz